Sociology & social work. (2nd ed.) (Record no. 76614)

MARC details
000 -LEADER
fixed length control field 01086nam a2200277 a 4500
008 - FIXED-LENGTH DATA ELEMENTS--GENERAL INFORMATION
fixed length control field 161111s2014 ||||||||||||||||| || u
010 ## - LIBRARY OF CONGRESS CONTROL NUMBER
LC control number 2014940525
020 ## - INTERNATIONAL STANDARD BOOK NUMBER
International Standard Book Number 9781446266663
020 ## - INTERNATIONAL STANDARD BOOK NUMBER
International Standard Book Number 1446266672
020 ## - INTERNATIONAL STANDARD BOOK NUMBER
International Standard Book Number 9781446266670
020 ## - INTERNATIONAL STANDARD BOOK NUMBER
International Standard Book Number 1446266664
050 ## - LIBRARY OF CONGRESS CALL NUMBER
Classification number HV 40 Cun
100 ## - MAIN ENTRY--PERSONAL NAME
Personal name Cunningham, Steve
245 10 - TITLE STATEMENT
Title Sociology & social work. (2nd ed.)
Statement of responsibility, etc. Jo Cunningham & Steve Cunningham.
250 ## - EDITION STATEMENT
Edition statement 2nd edition.
260 ## - PUBLICATION, DISTRIBUTION, ETC.
Place of publication, distribution, etc. London
Name of publisher, distributor, etc. SAGE Publications
Date of publication, distribution, etc. 2014
300 ## - PHYSICAL DESCRIPTION
Extent xvi, 282 pages
350 ## -
-- 38.00
490 ## -
-- Transforming social work practice
500 ## - GENERAL NOTE
General note Includes bibliographical references (pages 245-262) and index.
650 ## - SUBJECT ADDED ENTRY--TOPICAL TERM
Topical term or geographic name entry element SOCIAL SERVICE--SOCIOLOGICAL ASPECTS
700 ## - ADDED ENTRY--PERSONAL NAME
Personal name Cunningham, Jo
995 ## -
-- MAIN LIBRARY OPEN ACCESS
-- 747103
-- CBU-MAIN LIBRARY (Kitwe)
-- HV 40 Cun
-- 2
-- AVAILABLE
-- Nov 11, 2016
-- 747103
-- Main Library Open Access Collection
995 ## -
-- MAIN LIBRARY OPEN ACCESS
-- 746065
-- CBU-MAIN LIBRARY (Kitwe)
-- 38.00
-- HV 40 Cun
-- 1
-- AVAILABLE
-- Jun 29, 2016
-- 746065
-- Main Library Open Access Collection
999 ## -
-- 76614
-- 76614
Holdings
Withdrawn status Lost status Source of classification or shelving scheme Damaged status Not for loan Permanent Location Current Location Shelving location Date acquired Total Checkouts Full call number Barcode Date last seen Copy number Price effective from Koha item type
          CBU-MAIN LIBRARY, KITWE. CBU-MAIN LIBRARY, KITWE.   04/25/2023   HV 40 Cun 747103 04/25/2023 1 04/25/2023 MONOGRAPH
          CBU-MAIN LIBRARY, KITWE. CBU-MAIN LIBRARY, KITWE.   04/25/2023   HV 40 Cun 746065 04/25/2023 2 04/25/2023 MONOGRAPH